Sports Quiz

Random Sports or Basketball Quiz

The shot clock is off! Quiz Stats

Quiz not verified by Sporcle

Challenge
Share
Tweet
Embed
Score 0/20 Timer 05:00
0 Plays Today
Rank Player % Correct
T17LeBron James
89.4%
19Ray Allen
62.8%
1Carmelo Anthony
60.2%
12Tim Duncan
58.4%
T9Dirk Nowitzki
49.6%
2Chris Paul
43.4%
14Karl Malone
38.1%
T7Deron Williams
37.2%
20Gilbert Arenas
36.3%
11Jalen Rose
32.7%
Rank Player % Correct
6Rashard Lewis
29.2%
13Eddie Jones
27.4%
T3Brandon Roy
26.5%
T7Glenn Robinson
25.7%
T9Mike Bibby
23.9%
T3Shawn Marion
20.4%
16Chris Webber
19.5%
T17Raymond Felton
19.5%
15Ben Gordon
17.7%
T3Hedo Turkoglu
14.2%

You're not logged in!

Compare scores with friends on all Sporcle quizzes.
Sign Up with Email
OR
Log In

You Might Also Like...

Show Comments

Extras

Top Quizzes Today


Score Distribution

Your Account Isn't Verified!

In order to create a playlist on Sporcle, you need to verify the email address you used during registration. Go to your Sporcle Settings to finish the process.

Report this User

Report this user for behavior that violates our Community Guidelines.

Details: